Paroles Dionysos Song for jedi - Statistiques

Statistiques générales
  • Ce quiz a été pris 36 fois
  • Le résultat moyen est 49 sur 65
Statistiques - réponses
Réponse % Correct
je
100%
I
97%
I
97%
jedi
97%
jedi
97%
... jedi
97%
a
93%
a
93%
un
93%
un
93%
un
93%
j'étais
90%
j'étais
90%
j'étais
90%
j'étais
90%
petit
90%
petit
90%
français Quand
90%
Quand
90%
nerveux
86%
que
86%
que
86%
tellement
86%
tellement
86%
en
83%
en
83%
m'électrocutais
83%
was
83%
was
83%
se
79%
anglais (x2) When
79%
lorsqu'il
76%
pleuvait
76%
souvent
76%
souvent
76%
transformait
76%
de
72%
Et
72%
et
72%
et
72%
lorsqu'elle
72%
ma
72%
pyrogravure
72%
une
72%
child
69%
fée
69%
fille
69%
forme
69%
j'ai
69%
mon
69%
peau
69%
rencontré
66%
nerveuse
62%
griffait
55%
dos
52%
peu
52%
longtemps
48%
français On
48%
s'embrassait
48%
trop
48%
aujourd'hui
45%
encore
45%
lorsqu'on
45%
s'électrocutait
45%
maintenant
41%
Aucun quiz correspondant
Distribution des résultats
% des personnes avec chaque résultat
Percentile par nombre de réponses
Votre historique - résultats
Vous n’avez pas pris ce quiz